Subsea pipeline integrity and risk management / (Record no. 20640)
[ view plain ]
| 000 -LEADER | |
|---|---|
| fixed length control field | 02372cam a22003495a 4500 |
| 001 - CONTROL NUMBER | |
| control field | 17961030 |
| 005 - DATE AND TIME OF LATEST TRANSACTION | |
| control field | 20150823133545.0 |
| 008 - FIXED-LENGTH DATA ELEMENTS--GENERAL INFORMATION | |
| fixed length control field | 131203s2014 maua frb 001 0 eng d |
| 020 ## - INTERNATIONAL STANDARD BOOK NUMBER | |
| International Standard Book Number | 9780123944320 (hardback) |
| 040 ## - CATALOGING SOURCE | |
| Original cataloging agency | DLC |
| Language of cataloging | eng |
| Transcribing agency | DLC |
| Modifying agency | DLC |
| -- | EG-ScBUE |
| 050 00 - LIBRARY OF CONGRESS CALL NUMBER | |
| Classification number | TC1800 |
| Item number | .B354 2014 |
| 082 04 - DEWEY DECIMAL CLASSIFICATION NUMBER | |
| Classification number | 621.867209162 |
| Edition number | 22 |
| Item number | BAI |
| 100 1# - MAIN ENTRY--PERSONAL NAME | |
| Personal name | Bai, Yong. |
| 9 (RLIN) | 37847 |
| 245 10 - TITLE STATEMENT | |
| Title | Subsea pipeline integrity and risk management / |
| Statement of responsibility, etc | Yong Bai, Qiang Bai. |
| 250 ## - EDITION STATEMENT | |
| Edition statement | 1st ed. |
| 260 ## - PUBLICATION, DISTRIBUTION, ETC. (IMPRINT) | |
| Place of publication, distribution, etc | Waltham ; |
| -- | Oxford : |
| Name of publisher, distributor, etc | Gulf Professional Publishing / Elsevier, |
| Date of publication, distribution, etc | 2014. |
| 300 ## - PHYSICAL DESCRIPTION | |
| Extent | xiii, 413 p. : |
| Other physical details | ill. ; |
| Dimensions | 24 cm. |
| 500 ## - GENERAL NOTE | |
| General note | Index : p. 391-413. |
| 504 ## - BIBLIOGRAPHY, ETC. NOTE | |
| Bibliography, etc | Includes bibliographical references. |
| 505 8# - FORMATTED CONTENTS NOTE | |
| Formatted contents note | Machine generated contents note: PART I: PIPELINE INTEGRITY MANAGEMENT Corroded Pipelines Buckling/Collapse of Corroded Pipes Dented Pipelines Pipeline Inspection and Subsea Repair Integrity Management and Flexible Pipes Leak Detection Systems Fibre Optical Monitoring System PART II: RISK AND RELIABILITY APPLICATIONS Risk Analysis for Subsea Pipelines Risk-Based Inspection (RBI) Reliability-Based Strength Design of Pipelines LCC Modeling as a Decision Making Tool in Pipeline Design Quantitative Risk Analysis-Based RBI Reliability-Based Fitness for Service Pipeline Flow Risk Assessment Marine Traffic Risk Assessment CoF Modeling for Quantitative Risk Analysis Environmental Impact Assessment Oil Spill Response Plan . |
| 520 ## - SUMMARY, ETC. | |
| Summary, etc | "In most subsea developments, oil and gas productions are transported from subsea well to platform in multiphase flow without separation process. Corrosion represents increasing challenges for the operation of subsea pipelines. Corrosion can be defined as a deterioration of a metal, due to chemical or electrochemical between the metal and its environment. The tendency of a metal to corrode depends on a given environment and the metal type"-- |
| 650 #0 - SUBJECT ADDED ENTRY--TOPICAL TERM | |
| Topical term or geographic name as entry element | Underwater pipelines |
| General subdivision | Corrosion |
| Source of heading or term | BUEsh |
| 650 #7 - SUBJECT ADDED ENTRY--TOPICAL TERM | |
| Topical term or geographic name as entry element | Underwater pipelines |
| General subdivision | Design and construction. |
| Source of heading or term | BUEsh |
| 9 (RLIN) | 37845 |
| 650 #7 - SUBJECT ADDED ENTRY--TOPICAL TERM | |
| Topical term or geographic name as entry element | Offshore structures |
| General subdivision | Design and construction. |
| Source of heading or term | BUEsh |
| 9 (RLIN) | 37846 |
| 650 #0 - SUBJECT ADDED ENTRY--TOPICAL TERM | |
| Topical term or geographic name as entry element | Offshore oil well drilling |
| General subdivision | Safety measures |
| Source of heading or term | BUEsh |
| 650 #0 - SUBJECT ADDED ENTRY--TOPICAL TERM | |
| Topical term or geographic name as entry element | Offshore oil industry |
| General subdivision | Risk management |
| Source of heading or term | BUEsh |
| 651 ## - SUBJECT ADDED ENTRY--GEOGRAPHIC NAME | |
| Source of heading or term | BUEsh |
| 653 ## - INDEX TERM--UNCONTROLLED | |
| Resource For college | Engineering, General |
| Arrived date list | August2015 |
| 655 ## - INDEX TERM--GENRE/FORM | |
| Form subdivision | |
| -- | 34232 |
| 700 1# - ADDED ENTRY--PERSONAL NAME | |
| Personal name | Bai, Qiang, |
| 9 (RLIN) | 37844 |
| 942 ## - ADDED ENTRY ELEMENTS (KOHA) | |
| Source of classification or shelving scheme | Dewey Decimal Classification |
| Withdrawn status | Lost status | Source of classification or shelving scheme | Damaged status | Not for loan | Koha collection | Home library | Current library | Shelving location | Date acquired | Source of acquisition | Cost, normal purchase price | Serial Enumeration / chronology | Total Checkouts | Total Renewals | Full call number | Barcode | Date last seen | Date last borrowed | Cost, replacement price | Koha item type |
|---|---|---|---|---|---|---|---|---|---|---|---|---|---|---|---|---|---|---|---|---|
| Dewey Decimal Classification | Baccah | Central Library | Central Library | First floor | 19/08/2015 | 1400.00 | 21761 | 2 | 40 | 621.867209162 BAI | 000039766 | 15/07/2025 | 28/11/2017 | 1750.00 | Book - Borrowing |